000 01383naa a22003377a 4500
001 BR9401261
003 BR-BrBNA
005 20240918181129.0
007 ta
008 230509b bl.||||| |||| 00| 0 por d
040 _aBR-BrBNA
_bpor
_cBiblioteca Nacional de Agricultura
041 _a(Pt)
072 _aJ11
_b1410
_b3575
090 _aJ11 BR9401261
100 1 _aCirne, L.E. da M.R.
100 1 _aMata, M.E.R.M.C.
100 1 _aScaico, M.A.
111 1 _a21. Congresso Brasileiro de Engenharia Agricola1. Simposio de Engenharia Agricola do Cone Sul
_cSanta Maria, RS (Brazil)
_d27-31 Jul 1992
245 1 _aEstudo do vigor e germinacao de sementes de feijao mulatinho (Phaseolus vulgaris L.)submetidas a diferentes condicoes de armazenagem
260 3 _aSanta Maria, RS (Brasil):
_c1992.
500 _a21. Congresso Brasileiro de Engenharia Agricola e 1. Simposio de Engenharia Agricola do Cone Sul Santa Maria, RS (Brasil): 1992. v. 4 p. 1918-1932 (BR9401261-AM)J11
650 _aFeijao
650 _aSemente
650 _aArmazenamento
650 _aSilo
650 _aTratamento
650 _aPoder Germinativo
773 0 _t21. Congresso Brasileiro de Engenharia Agricola e 1. Simposio de Engenharia Agricola do Cone Sul
_wJ11 BR9401261
_gSanta Maria, RS (Brasil), 1992. v. 4 p. 1918-1932
909 _a202404
_bLucia
_c55
_dLucia Elande
942 _cAM
_2AGRIS
999 _c323732
_d323732